El panamericanismo y el porvenir de la América Española (Record no. 114880)

MARC details
000 -LEADER
campo de control de longitud fija 01006nam a2200217 i 4500
001 - NÚMERO DE CONTROL
campo de control 114880
003 - IDENTIFICADOR DE NÚMERO DE CONTROL
campo de control ES-MaACL
005 - FECHA Y HORA DE LA ÚLTIMA TRANSACCIÓN
campo de control 20230906190255.0
007 - CAMPO FIJO DE DESCRIPCIÓN FÍSICA--INFORMACIÓN GENERAL
campo de control de longitud fija t|
008 - DATOS DE LONGITUD FIJA--INFORMACIÓN GENERAL
campo de control de longitud fija 070206s1924 sp ||||1| spa d
100 1# - ENTRADA PRINCIPAL--NOMBRE DE PERSONA
Nombre de persona Latorre, Germán.
9 (RLIN) 70531
245 13 - MENCIÓN DEL TÍTULO
Título El panamericanismo y el porvenir de la América Española
Resto del título : Memoria que obtuvo el premio del conde de Torreánaz concedido por la Real Academia de Ciencias Morales y Politicas, en el concurso respectivo al trienio de 1920-23 /
Mención de responsabilidad, etc. escrita por Gérman Latorre y Setién.
250 ## - MENCION DE EDICION
Mención de edición 2ª ed.
260 ## - PUBLICACIÓN, DISTRIBUCIÓN, ETC.
Lugar de publicación, distribución, etc. Sevilla :
Nombre del editor, distribuidor, etc. [s.n],
Fecha de publicación, distribución, etc. 1924 (
Lugar de fabricación/manufactura Tip. Zarzuela)
300 ## - DESCRIPCIÓN FÍSICA
Extensión 115 p. ;
Dimensiones 24 cm.
490 1# - MENCIÓN DE SERIE
Mención de serie Publicaciones del Centro Oficial de Estudios Americanistas de Sevilla . Biblioteca colonial americana ;
Designación de volumen o secuencia v. 13
650 14 - PUNTO DE ACCESO ADICIONAL DE MATERIA--TÉRMINO DE MATERIA
Término de materia o nombre geográfico como elemento de entrada Panamericanismo.
9 (RLIN) 15812
830 0# - PUNTO DE ACCESO ADICIONAL DE SERIE-TÍTULO UNIFORME
Título uniforme Publicaciones del Centro Oficial de Estudios Americanistas de Sevilla . Biblioteca colonial americana ;
Designación de volumen o secuencia v. 13
9 (RLIN) 185793
852 ## - LOCALIZACIÓN
Ubicación ES-MaACL
Número de control de estantería E-4446-bis
Holdings
Estatus retirado Estado de pérdida Estado de daño No para préstamo Biblioteca de origen Biblioteca actual Ubicación en estantería Fecha de adquisición Fuente de adquisición Total de préstamos Signatura topográfica completa Código de barras Visto por última vez Precio de reemplazo Tipo de ítem Koha
        Biblioteca del Ateneo de Madrid Biblioteca del Ateneo de Madrid Depósito 2 17/01/2008     E-4446-bis 1119797 23/02/2023 23/02/2023 Libro impreso